000 00238nam a22000977a 4500
008 160519b xxu||||| |||| 00| 0 eng d
041 _aeng
080 _a542
245 _aPhysical chemistry of surfaces;
_cArthur W, Adamson;
942 _2udc
_cBK
999 _c2253
_d2253